01928nam a2200385 a 4500999001900000001001300019003000900032005001700041008004100058020002600099040003200125041001300157082002600170100004800196245024100244246004400485246005900529246011600588260003300704300003100737490002800768500005100796500010000847500004300947500005500990504004901045655008401094700003601178740002501214740004901239740005401288830003601342942001201378952015201390 c357894d357894000000347065IT-MiSPE20180515113019.0060220s2005 it 001 0 ita d a8845255646c38.00 EUR aIT-MiSPEbitadmvcIT-MiSPE1 aitaaeng a192-NEW jo sc (23172)1 aNewman, John Henry,cb.,d1801-1890.95724710aScritti filosofici :bQuindici sermoni all'Università di Oxford ; Quaderno filosofico ; Saggio a sostegno di una grammatica dell'assenso /cJohn Henry Newman ; monografia introduttiva, traduzione, note e apparati di Michele Marchetto.33aAn essay in aid of a grammar of assent.33aThe philosophical notebook.gInglese e italiano.f200533aFifteen sermons preached before the University of Oxford between A.D. 1826 and 1843.gInglese e italiano.f2005 aMilano :bBompiani,c©2005. acclxxxix, 1787 p. ;c22 cm1 aIl pensiero occidentale aTraduzione italiana con testo inglese a fronte aTit. orig.: Fifteen sermons preached before the University of Oxford between A.D. 1826 and 1843 aTit. orig.: The philosophical notebook aTit. orig.: An essay in aid of a grammar of assent aBibliografia (pp. [cclvii]-cclxxxv) e indici 7aTeologi (1701-1900)xNewman, John Henry, card., 1801-1890xOpere.2local9572481 aMarchetto, Michele,eed.95724902aQuaderno filosofico.02aQuindici sermoni all'Università di Oxford.02aSaggio a sostegno di una grammatica dell'assenso. 3aIl pensiero occidentale.957173 2ddccBK 00102ddc406192NEW_JO_SC_2317271aCINISELLObCINISELLOd2018-05-15l0o192-NEW jo sc (23172)p9788845255646r2018-05-15 00:00:00w2018-05-15yBK